[Event "BRA-ch U26 (Women)"]
[Site "Joinville"]
[Date "2023.10.11"]
[Round "4"]
[White "Brand, Leticia Soethe"]
[Black "De Duarte, Melissa Dandara"]
[Result "1-0"]
[WhiteElo "1645"]
[BlackElo "1800"]
[PlyCount "39"]
[EventDate "2023.10.09"]
[EventType "swiss"]
[EventRounds "6"]
[EventCountry "BRA"]
[SourceTitle "CBM 216 Extra"]
[Source "ChessBase"]
[SourceDate "2023.11.30"]
[SourceVersion "1"]
[SourceVersionDate "2023.11.30"]
[SourceQuality "1"]

1. e4 e6 2. d4 d5 3. Nd2 Nf6 4. e5 Nfd7 5. Bd3 c5 6. c3 Qb6 7. Ne2 Nc6 8. Nf3 cxd4 9. cxd4 Qb4+ 10. Kf1 Be7 11. g3 f6 12. Nf4 Nb6 13. a3 Qa5 14. Bd2 Qa4 15. b3 Qxa3 16. Rxa3 Bxa3 17. exf6 gxf6 18. Qe2 Ke7 19. Kg2 Re8 20. Bxh7 1-0

[Event "BRA-ch U26 (Women)"]
[Site "Joinville"]
[Date "2023.10.10"]
[Round "3"]
[White "De Duarte, Melissa Dandara"]
[Black "Dos Reis, Renata Barreto"]
[Result "1/2-1/2"]
[WhiteElo "1800"]
[BlackElo "1800"]
[PlyCount "82"]
[EventDate "2023.10.09"]
[EventType "swiss"]
[EventRounds "6"]
[EventCountry "BRA"]
[SourceTitle "CBM 216 Extra"]
[Source "ChessBase"]
[SourceDate "2023.11.30"]
[SourceVersion "1"]
[SourceVersionDate "2023.11.30"]
[SourceQuality "1"]

1. e4 e5 2. Nf3 Nc6 3. Bb5 f6 4. Qe2 Nge7 5. 0-0 d6 6. c3 Bg4 7. h3 Bh5 8. d3 Qd7 9. Rd1 a6 10. Ba4 0-0-0 11. Nbd2 d5 12. exd5 Nxd5 13. Qe4 Qe6 14. c4 Nf4 15. Bxc6 Bg6 16. Bxb7+ Kb8 17. Qc6 Qxc6 18. Bxc6 Bb4 19. Nf1 Rd6 20. Ba4 Rhd8 21. a3 Bc5 22. b4 Bd4 23. Ra2 Bc3 24. Bb2 Bxb2 25. Rxb2 Rxd3 26. Rxd3 Rxd3 27. Rb3 Ne2+ 28. Kh2 Nc1 29. Rxd3 Bxd3 30. Ne3 Be4 31. Nd2 Bd3 32. Bc6 Ne2 33. c5 Nd4 34. Bd7 Bb5 35. Bg4 g6 36. Kg3 h6 37. Ndc4 h5 38. Bd1 Bxc4 39. Nxc4 Nf5+ 40. Kh2 Kb7 41. g3 Nd4 1/2-1/2